| 000 | 00857nam a22002657a 4500 | ||
|---|---|---|---|
| 001 | 000421 | ||
| 003 | DO-SdBNP | ||
| 005 | 20230404105246.0 | ||
| 007 | 00421 | ||
| 008 | 160726b 2006 fr a ||||| |||| 00| 0 spa d | ||
| 020 | _a2350240576 | ||
| 040 |
_aBPMSU _bspa _cBPMSU |
||
| 082 | 4 |
_a843.47 _bH878r 2006 _222 |
|
| 100 | 1 | _aHubert Richou, Gérard. | |
| 245 | 1 | 0 |
_aEl rey fulminado / _cGérard Hubert Richou ; traducción del francés Ángeles Testera ; ilustración Yann Couvin. _b |
| 260 |
_aFrancia : _b Lire c'est Partir, _c2006. |
||
| 300 |
_a125 p. : _bil. ; _c19 cm. |
||
| 590 | _6Inventariado, 2023/VM | ||
| 650 | 4 | _a Cuentos infantiles franceses | |
| 650 | 4 | _aLiteratura francesa infantil | |
| 700 | 1 |
_aTestera, Ángeles Testera, _etr. |
|
| 700 | 1 |
_aCouvin, Yann, _eil. |
|
| 910 | _aVMateo V. Control de calidad | ||
| 942 |
_cBK _2ddc |
||
| 999 |
_c11032 _d11032 |
||